| 000 | 00465nam a2200181Ia 4500 | ||
|---|---|---|---|
| 001 | 14285 | ||
| 005 | 20260306164903.0 | ||
| 008 | 260306t2007||||xx |||||||||||||| ||spa|| | ||
| 041 | _aESP | ||
| 082 |
_a511.3 _bC12 |
||
| 100 |
_aCaballero Roldán, Rafael _eAUT |
||
| 245 | 0 |
_aMatemática discreta para informáticos: _bejercicios resueltos |
|
| 260 | _c2007 | ||
| 300 |
_a396 páginas : _c27 cm. |
||
| 650 | _aGEN | ||
| 654 | _aCMA | ||
| 942 |
_cLIB _dJUS _fJUS _2ddc _n |
||
| 999 |
_c14285 _d14285 |
||